| 000 | 00387nam a22001457a 4500 | ||
|---|---|---|---|
| 003 | MACL | ||
| 005 | 20200721120358.0 | ||
| 008 | 200721b xxu||||| |||| 00| 0 eng d | ||
| 040 | _cMACL | ||
| 100 |
_aBakshi,Rajendar _979101 |
||
| 245 | _aLal Bahadur Shastri Common Man, Great Deeds | ||
| 260 |
_aDelhi _bSwarajya Mandir Prakashan _c2018 |
||
| 650 |
_aBiography _979102 |
||
| 942 |
_2ddc _cBK |
||
| 999 |
_c62723 _d62723 |
||